000 00291nam a22001217a 4500
003 SGT
082 _a080
_bC08K
100 _aकुमार. बी.बी.
245 _aचिंतन सृजन
260 _b आस्था भारती
_c2008
300 _a110
942 _2ddc
_cBK
999 _c31617
_d31617